Responses for Show #3012 - Tuesday, October 7, 1997

Contestants

[<< previous game]

Yolanda Diaz, a financial service representative from Atlanta, Georgia

Diane Shafer, a homemaker from Hampton, Virginia

James Fraleigh, a senior journal production editor from Hackensack, New Jersey (whose 1-day cash winnings total $12,300)

[next game >>]

Jeopardy! Round responses

BODIES OF WATER
SLOGANS
THE FALL CLASSIC
FAMOUS 17th CENTURY NAMES
JUST US CHICKENS
ENDS IN "ETTE"
    $100 5
Quebec

James
    $100 1
M&M's

Yolanda
    $100 2
Babe Ruth

James
    $100 26
paintings

Yolanda
    $100 12
coop

James
    $100 13
cassette

James
    $200 8
Atlantic Ocean

Diane
    $200 4
Ford

Diane
    $200 17
Oakland A's & San Francisco Giants

Yolanda
    $200 27
(Yolanda: Who is Johnson?)

(Samuel) Pepys

JamesYolanda
    $200 22
brown

Yolanda
    $200 14
Russian Roulette

James
    $300 9
(Alex: Hence the Clydesdale.)

Clyde

Triple Stumper
    $300 6
The Army

Yolanda
    $300 18
Toronto Blue Jays

Yolanda
    $300 28
Molière

Triple Stumper
    $300 23
(Yolanda: What are their kidneys?)
(Diane: What is their gullet?)

gizzard

JamesDianeYolanda
    $500 15
[Alex held an odd-shaped flat board with a hole in it that contained different colors of paint on it.]

palette

James
    $400 10
(James: What is the Danube?)

Rhine

JamesDiane
    $400 3
(Diane: Um... don't know.)

Reebok

Diane
Triple Stumper
    $400 19
(Alex: Yes, the Amazin' [*].)

New York Mets

Yolanda
    $400 29
(Diane: What is Tasmania?)
...
(Alex: We were going for the Dutchman's name.)

Abel Tasman

Diane
Triple Stumper
    $400 24
(James: What is a squab?)

bantam

James
Triple Stumper
    $400 16
marionette

Yolanda
    $500 11
(Alex: The mightiest river in the world, the [*].)

Amazon

Triple Stumper
    $500 7
United Negro College Fund

Diane
    $500 20
(Alex: Well done!)
[Yolanda receives audience applause as if she had run the category.]

Don Larsen

Yolanda
    $500 25
(Diane: What is Maryland?)

Arkansas

JamesDiane
    $500 21
Arquette

James

Scores at the first commercial break (after clue 13):

James Diane Yolanda
$0 $900 $400

Scores at the end of the Jeopardy! Round:

James Diane Yolanda
$1,800 -$300 $2,000

Double Jeopardy! Round responses

DOCUMENTS
AMERICAN LITERATURE
MACHINES NEVER BUILT
BLASTS FROM THE PAST
(Alex: I will give you a location & a date and you tell me what big b-boom happened there.)
ENTERTAINERS
ODD WORDS
    $200 3
patents

Yolanda
    $200 9
The Scarlet Letter

Yolanda
    $200 22
Leonardo da Vinci

Diane
    $200 16
the blowing up of the Maine

Diane
    $200 4
Tom Arnold

Yolanda
    $200 1
hiss

Diane
    $400 10
Aaron Burr

Triple Stumper
    $400 23
Star Wars

James
    $400 17
Mount St. Helens

James
    $400 5
RuPaul

Diane
    $400 2
flummox

James
    $600 27
will

James
    $600 11
(Carl) Sandburg

Diane
    $600 24
perpetual motion

James
    $600 18
the first nuclear blast

Diane
    $600 6
tap

Yolanda
    $600 12
to cut the tail off of

James
    $800 28
notaries

James
    $800 14
Toni Morrison

James
    $800 25
superconducting super collider

James
    $1,000 19
(Diane: What is a volcano eruption?)

explosion or eruption of Krakatoa

Diane
    $800 7
Adam Sandler

Yolanda
    $800 13
claptrap

Triple Stumper
    $1000 29
classified

James
    $1000 15
William Kennedy

Triple Stumper
    $1000 26
Tesla

James
    $1000 20
Chernobyl

Diane
    $1,200 8
(Alex: I love that smile that came on your face just then as you recognized her voice.)

Enya

Yolanda
    $1000 21
rain

Yolanda

Scores at the end of the Double Jeopardy! Round:

James Diane Yolanda
$9,200 $1,900 $6,200

[wagering suggestions for these scores]

Final Jeopardy! Round responses

THE BIBLE
DianeWhat is Genesis? Hi VA / WV / MD / NJ / PA
$1,899
YolandaWhat is Leviticus?
$4,200
JamesWhat is Deuteronomy
$9,200
Chronicles

Final scores:

James Diane Yolanda
$0 $1 $2,000
3rd place: Ducane 2004SS Gas Grill 2nd place: Trip to Jamaica New champion: $2,000

Game dynamics:

Coryat scores:

James Diane Yolanda
$9,000 $2,900 $6,000
21 R
(including 1 DD),
2 W
11 R,
5 W
(including 1 DD)
16 R
(including 1 DD),
2 W

Combined Coryat: $17,900

[game clues] [game scores] [suggest correction]

Game tape date: Unknown
The J! Archive is created by fans, for fans. Scraping, republication, monetization, and malicious use prohibited; this site may use cookies and collect identifying information. See terms. The Jeopardy! game show and all elements thereof, including but not limited to copyright and trademark thereto, are the property of Jeopardy Productions, Inc. and are protected under law. This website is not affiliated with, sponsored by, or operated by Jeopardy Productions, Inc. Join the discussion at JBoard.tv.